000 00722nam a2200265 4500
001 5542
003 BD-RjUL
005 20211208234102.0
008 721005s1972 njua b 001 0 eng
020 _a0136812546
035 _a(BD-RjUL)5578
040 _aDLC
_cDLC
_dDLC
_dBD-RjUL
_beng
041 _aeng
082 0 0 _a581.782
_223
_bSCP 1972
100 1 _aSchery, Robert W.
_9197524
245 1 0 _aPlants for man /
_cRobert W. Schery.
250 _a2nd ed.
260 _aEnglewood Cliffs, N.J. :
_bPrentice-Hall,
_cc1972
300 _aviii, 657 p. :
_bill. ;
_c26 cm.
350 _a$15.95
504 _aIncludes bibliographies.
650 0 _aBotany, Economic.
_9219309
942 _2ddc
_cBK
999 _c5542
_d5542